Score 0/7 Timer 03:00
0 Plays Today
Question Answer Wrong Answers
The final episode of this show airs, becoming the most-viewed series finale in television history.
1983
M*A*S*H
91.1%
All in the Family
2.2%
Magnum, P.I.
1.9%
Gunsmoke
1.5%
James Watson and Francis Crick discover the chemical structure of this molecule.
1953
DNA
88.4%
RNA
2.8%
Glucose
3.1%
LSD
2.8%
Henry James, the American-born British author of this novel, dies in London.
1916
The Portrait of a Lady
51.8%
Finnegans Wake
17%
Tess of the d'Urbervilles
22%
Middlemarch
7.7%
This infamous American gangster, who also built the Flamingo Hotel & Casino in Las Vegas, is born in New York City.
1906
Bugsy Siegel
51.5%
John Dillinger
5.2%
Al Capone
38.1%
Vito Genovese
4.6%
Wallace Carothers, a scientist at DuPont, invents this stretchy polymer.
1935
Nylon
48.8%
Teflon
7.7%
Kevlar
3.1%
Latex
38.3%
US Congress bans the use of federal funds for diplomatic envoys to this country due to growing anti-Catholic sentiments.
1867
Papal States
48.6%
Italy
25.1%
Spain
17.4%
Portugal
8.8%
Competition in this sport, occurring in Madison Square Garden, is televised for the first time.
1940
Basketball
37.7%
Ice Hockey
11%
Boxing
47.4%
Cricket
1.3%
Remove Ads.
Support Sporcle.
Get the best of Sporcle when you Go Orange. This ad-free experience offers more features, more stats, and more fun while also helping to support Sporcle. Thank you for becoming a member.

You're not logged in!

Compare scores with friends on all Sporcle quizzes.
OR
Log In

Show Comments

Extras

Top Quizzes Today


Score Distribution

Your Account Isn't Verified!

In order to create a playlist on Sporcle, you need to verify the email address you used during registration. Go to your Sporcle Settings to finish the process.

Report this User

Report this user for behavior that violates our Community Guidelines.

Details: